A world directory of criminological institutes
Đã lưu trong:
| Định dạng: | Sách |
|---|---|
| Ngôn ngữ: | Undetermined |
| Được phát hành: |
Rome
UNICRI
1995
|
| Những chủ đề: | |
| Các nhãn: |
Thêm thẻ
Không có thẻ, Là người đầu tiên thẻ bản ghi này!
|
| Thư viện lưu trữ: | Trung tâm Học liệu Trường Đại học Cần Thơ |
|---|
| LEADER | 00500nam a2200181Ia 4500 | ||
|---|---|---|---|
| 001 | CTU_15392 | ||
| 008 | 210402s9999 xx 000 0 und d | ||
| 020 | |c 50 | ||
| 082 | |a 364.025 | ||
| 082 | |b W931 | ||
| 245 | 2 | |a A world directory of criminological institutes | |
| 245 | 0 | |c UNICRI; Carla M. Santoro editor | |
| 260 | |a Rome | ||
| 260 | |b UNICRI | ||
| 260 | |c 1995 | ||
| 650 | |a Criminology | ||
| 904 | |i Minh, 970402 (Nguyên sửa) | ||
| 980 | |a Trung tâm Học liệu Trường Đại học Cần Thơ | ||